| 000 | 00845cab a2200265 4500 | ||
|---|---|---|---|
| 001 | WB3348-41 | ||
| 008 | 090401t1997 xxu||||| |||| 00| 0 eng d | ||
| 035 | _a(Sirsi) u82647 | ||
| 041 | _aeng | ||
| 245 | _aFragile foundations | ||
| 260 | _c1997 | ||
| 350 | _a0 | ||
| 490 |
_aFinancial Times _v12 December 1997, 12(1) |
||
| 520 | _aSo far, Asia`s economic downturn has had a limited impact on property prices but experts predict that prices throughout the region will be hit hard once forced sales come through. Table. | ||
| 650 | _aASIA | ||
| 650 | _aHONG KONG | ||
| 650 | _aINDONESIA | ||
| 650 | _aINVESTMENT MARKET | ||
| 650 | _aMALAYSIA | ||
| 650 | _aPROPERTY-COMMERCIAL PROPERTY-OFFICE PROPERTY-OFFICE PROPERTY MARKET | ||
| 650 | _aTHAILAND | ||
| 690 | _aOVERSEAS-REST OF THE WORLD | ||
| 942 | _n0 | ||
| 948 | _c12/12/1997 | ||
| 999 |
_c52197 _d52197 |
||